000 00554nam a22001817a 4500
999 _c171464
_d171464
005 20200114112029.0
010 _aENG-127405
020 _a9789386506665
_c395.00
035 _aEN-110937
037 _bDBAD/PUB
082 _a005.133
100 _aNagarajan,Girija
245 _aGrowing up with computer science C++/
_cby Girija Nagarajan
260 _aBengaluru
_bPrism books
_c2018
270 _a1865,32nd cross,10th main,Banashankari II stage
_bBengaluru
_e560070
300 _a592p.
_c24cm(pbk)
942 _2ddc
_cEN
_h005.133
_mNAG